000 00820cpcaa22002537a 4500
001 mm 79005582
003 DLC
005 20260227111651.0
008 800102|||||||||||| eng
010 _amm 79005582
040 _aDLC
_cDLC
_edacs
_dDLC
072 7 _aL
_2lcmd
100 1 _aTallack, William,
_d1831-1908.
245 0 0 _aWilliam Tallack correspondence,
_f1867-1899.
300 _a11
_fitems.
506 0 _aOpen to research.
545 0 _aBritish editor and author.
546 _aCollection material in English.
580 _aForms part of: Miscellaneous Manuscripts collection.
656 7 _aAuthors.
_2itoamc
656 7 _aEditors.
_2itoamc
999 _c41936
_d41936